[Event "Khanty-Mansiysk FIDE GP"]
[Site "Khanty-Mansiysk"]
[Date "2015.05.15"]
[Round "2"]
[White "Gelfand, Boris"]
[Black "Nakamura, Hikaru"]
[Result "1/2-1/2"]
[WhiteElo "2744"]
[BlackElo "2799"]
[Annotator "Marin,M"]
[PlyCount "100"]
[EventDate "2015.05.14"]
[EventType "tourn"]
[EventRounds "11"]
[EventCountry "RUS"]
[EventCategory "21"]
[SourceTitle "CBM 167"]
[Source "ChessBase"]
[SourceDate "2015.07.13"]
[SourceVersion "1"]
[SourceVersionDate "2015.07.13"]
[SourceQuality "1"]

1. d4 {[%emt 0:00:31]} Nf6 {[%emt 0:00:49]} 2. c4 {[%emt 0:00:45]} g6 {[%emt 0:
00:35]} 3. Nc3 {[%emt 0:00:35]} Bg7 {[%emt 0:00:35]} 4. e4 {[%emt 0:00:33]} d6
{[%emt 0:00:37]} 5. Nf3 {[%emt 0:00:47]} O-O {[%emt 0:00:42]} 6. Be2 {[%emt 0:
00:34]} e5 {[%emt 0:00:35]} 7. O-O {[%emt 0:00:36]} Nc6 {[%emt 0:00:33]} 8. d5
{[%emt 0:00:33]} Ne7 {[%emt 0:00:36]} 9. b4 {[%emt 0:00:35]} Nh5 {[%emt 0:01:
07]} 10. g3 {[%emt 0:02:47]} f5 {[%emt 0:10:15]} 11. Ng5 {[%emt 0:01:04]} Nf6 {
[%emt 0:00:49]} 12. Bf3 {[%emt 0:00:33]} fxe4 {[%emt 0:11:47]} ({Less popular
than} 12... c6 13. Bg2 {Kramnik,V (2801)-Grischuk,A (2761) Moscow 2012 CBM 149
[Ramirez Alvarez] (1-0, 29)} (13. Ba3 cxd5 14. exd5 e4 15. Be2 {Kramnik,V 
(2791)-Giri,A (2722) Hoogeveen 2011 CBM 145 [Stohl,I] (1-0, 35)})) 13. Ncxe4 {
[%emt 0:16:12]} h6 {[%emt 0:10:00] In this position nobody has played this way,
but the game will soon transpose to a line played a couple of times before.} ({
The mainstream goes} 13... Nf5 {Ipatov,A (2630)-Mamedov,R (2647) Antalya 2013
CBM 158 [Krasenkow,M] (1/2-1/2, 43)}) 14. Ne6 {[%emt 0:10:44]} Bxe6 {[%emt 0:
01:54]} 15. dxe6 {[%emt 0:00:47]} Qc8 {[%emt 0:01:59]} (15... Nxe4 16. Bxe4 c6
17. b5 $36 {Iturrizaga Bonelli,E (2660)-Guerrero Vargas,A (2303) Azuqueca de
Henares 2014 (1-0, 28)}) 16. Be3 {[%emt 0:13:00]} Ne8 $5 $146 {[%emt 0:03:07]
Indirectly securing the b7-pawn.} (16... Nxe4 $6 17. Bxe4 Qxe6 18. Bxb7 Qxc4 $2
(18... Rab8 19. Bd5 Nxd5 20. cxd5 Qf7 21. a3 Rb5 22. Rc1 Rxd5 23. Qa4 $36) 19.
Bxa8 Rxa8 20. Rc1 Qxb4 21. Rxc7 Kf8 22. Qf3+ {Korbal,A (2016)-Kostyra,M (2181)
Police 2010 (1-0, 22)}) 17. Bg2 {[%emt 0:15:36] This loses the pawn with just
some compensation.} (17. Bg4 $5 Nf5 18. e7 Rf7 19. h4 {looks more challenging,
aiming to weaken the kingside light squares.}) 17... Qxe6 {[%emt 0:01:20]} 18.
Qb3 {[%emt 0:08:20]} Kh7 {[%emt 0:09:47]} 19. b5 {[%emt 0:07:18]} Nf5 {[%emt 0:
02:55]} 20. Rad1 {[%emt 0:02:10]} a6 {[%emt 0:05:17]} 21. Nc3 $6 {[%emt 0:14:
20]} (21. a4 $44) 21... axb5 {[%emt 0:01:36]} 22. cxb5 {[%emt 0:01:43]} Qxb3 {
[%emt 0:15:43]} 23. axb3 {[%emt 0:00:34]} Ra3 $15 {[%emt 0:11:06]} 24. Rb1 {
[%emt 0:07:13]} Nxe3 {[%emt 0:01:25]} 25. fxe3 {[%emt 0:01:19]} Rxf1+ {[%emt 0:
00:37]} 26. Kxf1 {[%emt 0:01:54]} e4 {[%emt 0:00:39]} 27. Nxe4 {[%emt 0:09:27]}
Ra5 {[%emt 0:00:45]} 28. b6 {[%emt 0:00:59]} c6 {[%emt 0:03:21]} 29. Rd1 {
[%emt 0:04:55]} d5 {[%emt 0:17:20]} 30. b4 {[%emt 0:02:37]} Rb5 {[%emt 0:01:50]
} 31. Nc5 {[%emt 0:00:38]} Rxb4 {[%emt 0:01:24]} 32. e4 {[%emt 0:00:58]} d4 {
[%emt 0:07:36]} 33. e5 {[%emt 0:01:18]} Rxb6 {[%emt 0:01:36]} 34. Rxd4 {
[%emt 0:00:55]} Rb1+ {[%emt 0:01:29]} 35. Ke2 {[%emt 0:01:08]} Rb2+ {[%emt 0:
01:55]} 36. Kf1 {[%emt 0:00:39]} Bxe5 {[%emt 0:01:37]} 37. Re4 {[%emt 0:02:05]}
Bd6 {[%emt 0:01:25]} 38. Nxb7 {[%emt 0:00:35]} Rb1+ {[%emt 0:00:36]} 39. Re1 {
[%emt 0:01:29]} Rxe1+ {[%emt 0:00:41]} 40. Kxe1 {[%emt 0:00:00]} Bb4+ {[%emt 0:
00:00]} 41. Ke2 {[%emt 0:00:00]} c5 {[%emt 0:00:00]} 42. Kd3 {[%emt 0:00:00]}
Nf6 {[%emt 0:00:00]} 43. Bf3 {[%emt 0:00:00]} Nd7 {[%emt 0:00:00]} 44. Be2 {
[%emt 0:00:00]} Be1 {[%emt 0:00:00]} 45. Nd6 {[%emt 0:00:00]} Bf2 {[%emt 0:00:
00]} 46. Ke4 {[%emt 0:00:00]} Bg1 {[%emt 0:00:00]} 47. Kf3 {[%emt 0:00:00]}
Ne5+ {[%emt 0:00:00]} 48. Kg2 {[%emt 0:00:00]} Bd4 {[%emt 0:00:00]} 49. Nc4 {
[%emt 0:00:00]} g5 {[%emt 0:00:00]} 50. Nxe5 {[%emt 0:00:00]} Bxe5 {[%emt 0:00:
00]} 1/2-1/2

[Event "Danzhou 6th"]
[Site "Danzhou"]
[Date "2015.07.10"]
[Round "8"]
[White "Bruzon Batista, Lazaro"]
[Black "Sasikiran, Krishnan"]
[Result "0-1"]
[WhiteElo "2669"]
[BlackElo "2640"]
[Annotator "Sagar Shah"]
[PlyCount "76"]
[EventDate "2015.07.02"]
[EventType "tourn"]
[EventRounds "9"]
[EventCountry "CHN"]
[EventCategory "17"]
[SourceTitle "CBM 167"]
[Source "ChessBase"]
[SourceDate "2015.07.13"]
[SourceVersion "1"]
[SourceVersionDate "2015.07.13"]
[SourceQuality "1"]

1. Nf3 Nf6 2. c4 g6 3. Nc3 Bg7 4. e4 d6 5. d4 O-O 6. Be2 e5 7. O-O Nc6 8. d5
Ne7 9. a4 a5 10. Ne1 Nd7 11. Nd3 f5 12. f3 Kh8 13. Bd2 c6 14. Kh1 Nf6 15. dxc6
bxc6 16. c5 {This is the most logical move for White trying to open up the
position for his better developed pieces.} d5 $1 17. Nxe5 d4 ({Also possible
was} 17... fxe4 18. fxe4 Nxe4 $1 19. Nf7+ (19. Nxe4 Bxe5 $15) 19... Rxf7 $1 20.
Rxf7 Nxd2 $1 21. Qxd2 Nf5 {and with strong minor pieces, Black has excellent
compensation. White will do well to give up his rook for the g7 bishop and
reach an equal position.} 22. Rxg7 Kxg7 $11) 18. Qb3 $5 {This is a crazily
complicated position but let's try to make sense of it. The knight threatens a
fork on f7 but why can't we just take the c3 knight? Because after dxc3, White
just recaptures Bxc3 and gets great compensation.} (18. Bc4 $5 dxc3 19. Bxc3 $1
Qxd1 20. Rfxd1 {Inspite of being a piece down, White has enough activity to
hold the balance.} fxe4 21. Nf7+ Kg8 (21... Rxf7 22. Rd8+ Nfg8 23. Bxf7 $13)
22. Nh6+ Kh8 23. Nf7+ $11) 18... Nxe4 $5 {This is really a good move by
Sasikiran but he had a completely non conventional move at his disposal.} (
18... dxc3 19. Bxc3 $44 {With Nf7+ coming up, White has excellent compensation.
}) (18... Nfg8 $1 {This undeveloping move is the strongest in the position.}
19. Nf7+ $6 {The most obvious move turns out to be a mistake.} Rxf7 20. Qxf7
dxc3 21. Bxc3 $2 (21. Bf4 cxb2 22. Rad1 Bd7 $15) 21... Bxc3 22. bxc3 (22. Rad1
Nd5 23. exd5 Nh6 24. dxc6 Nxf7 25. Rxd8+ Nxd8 26. bxc3 Nxc6 $17) 22... Nd5 $3 {
and this is the point of the undeveloping move with Nfg8.} 23. exd5 Nh6 $19 {
and look how the White queen is trapped on f7.}) 19. Nxe4 (19. Nf7+ Rxf7 20.
Nxe4 fxe4 21. Qxf7 e3 $44) 19... fxe4 20. fxe4 $2 (20. Nf7+ Rxf7 21. Qxf7 e3 {
Black has excellent compensation but White is still in the game.}) 20... Bxe5
21. Rxf8+ Qxf8 22. Rf1 Qe8 {White is just a piece down without any
compensation.} 23. Bh6 Rb8 $1 {A deep move. The rook on b8 will be defended by
the e5 bishop and this small detail will change the assessment in Black's
favour.} (23... Bg7 24. Bxg7+ Kxg7 25. Qc4 $44 {followed by Qxd4 gives White
good compensation.}) (23... Ng8 24. Rf8 Be6 25. Rxe8 Rxe8 (25... Bxb3 26. Rxa8
$18) 26. Qb7 $16) 24. Qd1 (24. Qc4 Ng8 25. Rf8 Be6 26. Rxe8 Bxc4 $19 {And now
you can see how the rook is defended by the e5 bishop.}) 24... Ng8 25. Rf8 Qe7
26. Bc4 Be6 27. Rxb8 Qh4 (27... Bxc4 $19) 28. Qg1 Bxc4 29. Re8 Qxe4 30. Bg5 Kg7
{Black has two pieces for the rook and two strong bishops. The rest is easy
for Sasikiran.} 31. Bd2 Bf7 32. Rd8 Nf6 33. Bxa5 Bd5 34. Bd2 Qe2 35. Bg5 Ne4
36. Rd7+ Kg8 37. Rd8+ Kf7 38. Rd7+ Ke6 {A game with high quality tactical
possibilities.} 0-1

[Event "Wenzhou m"]
[Site "Wenzhou"]
[Date "2015.07.16"]
[Round "1"]
[White "Gelfand, Boris"]
[Black "Ding, Liren"]
[Result "1/2-1/2"]
[WhiteElo "2751"]
[BlackElo "2749"]
[Annotator "Schulz,Andre"]
[PlyCount "134"]
[EventDate "2015.07.16"]
[EventType "match"]
[EventRounds "4"]
[EventCountry "CHN"]
[SourceTitle "CBM 168"]
[Source "ChessBase"]
[SourceDate "2015.09.14"]
[SourceVersion "1"]
[SourceVersionDate "2015.09.14"]
[SourceQuality "1"]

1. d4 Nf6 2. c4 g6 {Mit Gelfand und Ding treffen zwei absolute
Königsindisch-Experten aufeinander. Gelfand spielt diese Eröffnung auch mit
Schwarz.} 3. Nc3 Bg7 4. e4 d6 5. Nf3 O-O 6. Be2 e5 7. O-O (7. Be3 Na6 8. O-O c6
9. Re1 Re8 10. d5 Ng4 11. Bc1 f5 12. exf5 gxf5 13. Ng5 Nf6 14. c5 h6 15. Bxa6
bxa6 16. dxc6 d5 17. c7 Qd7 18. Nf3 e4 19. Nd4 Qxc7 20. Nce2 Qxc5 21. Be3 Qd6
22. Qd2 Nh5 23. Ng3 Nxg3 24. fxg3 Bd7 25. Rf1 Rf8 26. Rf4 Kh7 27. Raf1 {
1/2-1/2 (27) Gelfand,B (2747)-Ding,L (2755) Tsaghkadzor 2015}) 7... Nc6 8. d5
Ne7 9. b4 {Dieser Zug hatte alle anderen Varianten an Popularität
überflügelt.} Nh5 ({Die Alternative ist} 9... a5) 10. c5 ({Üblicher ist} 10.
Re1) (10. g3 {wählte Gelfand kürzlich gegen Nakamura:} f5 11. Ng5 Nf6 12. Bf3
fxe4 13. Ncxe4 h6 14. Ne6 Bxe6 15. dxe6 Qc8 16. Be3 Ne8 17. Bg2 Qxe6 18. Qb3
Kh7 19. b5 Nf5 20. Rad1 a6 21. Nc3 axb5 22. cxb5 Qxb3 23. axb3 Ra3 24. Rb1 Nxe3
25. fxe3 Rxf1+ 26. Kxf1 e4 27. Nxe4 Ra5 28. b6 c6 29. Rd1 d5 30. b4 Rb5 31. Nc5
Rxb4 32. e4 d4 33. e5 Rxb6 34. Rxd4 Rb1+ 35. Ke2 Rb2+ 36. Kf1 Bxe5 37. Re4 Bd6
38. Nxb7 Rb1+ 39. Re1 Rxe1+ 40. Kxe1 Bb4+ 41. Ke2 c5 42. Kd3 Nf6 43. Bf3 Nd7
44. Be2 Be1 45. Nd6 Bf2 46. Ke4 Bg1 47. Kf3 Ne5+ 48. Kg2 Bd4 49. Nc4 g5 50.
Nxe5 Bxe5 {1/2-1/2 (50) Gelfand,B (2744)-Nakamura,H (2799) Khanty-Mansiysk 2015
}) 10... Nf4 11. a4 ({Meist wird hier} 11. Bxf4 {gespielt.}) 11... Bg4 {
Eine Neuerung.} (11... f5 12. Bc4 fxe4 13. Nxe4 h6 (13... Bg4 14. Ra3 Nf5 15.
h3 Bh5 16. Kh1 Nxg2 $5 17. Bg5 (17. Kxg2 Bxf3+ 18. Kxf3 Qh4 $17) 17... Qc8 18.
Kxg2 h6 19. Be3 g5 $6 (19... Nh4+ $5 20. Nxh4 Bxd1 21. Rxd1 $14) (19... a5 $5)
20. Be2 Bxf3+ 21. Kxf3 (21. Bxf3 Nh4+ $19) 21... dxc5 22. Kg2 cxb4 23. Rb3 a5
24. Bg4 Nh4+ 25. Kh1 $18 {1-0 (37) Cornette,M (2548)-Szelag,M (2456) Germany
2014}) 14. Re1 Bg4 15. Ra3 g5 16. h3 Bh5 17. Bxf4 Rxf4 18. g3 Rf8 19. a5 Kh8
20. Kg2 Rb8 21. Qd2 b6 $11 {0-1 (50) Kramnik,V (2781)-Nakamura,H (2770)
Dortmund 2011 CBM 144 [Krasenkow,M]}) 12. h3 ({Gleich} 12. Bxf4 exf4 13. Rc1 {
ist der Engine-Vorschlag.}) 12... Bh5 (12... Nxe2+ 13. Qxe2 Bxf3 14. Qxf3 f5
15. Qe2 $14) 13. Bxf4 exf4 14. Rc1 a5 15. bxa5 Bxf3 16. Bxf3 dxc5 17. Qb3 Rxa5
18. Qxb7 Nc8 (18... Qb8 $11) 19. Nb5 Nd6 20. Qxc7 Qxc7 21. Nxc7 Rc8 22. Nb5
Nxb5 23. axb5 Rxb5 24. Rc4 {Die Aktionen am Damenflügel haben zum Damentausch
und einem Endspiel mit Türmen und ungleichfarbigen Läufer geführt, in dem
Weiß zwar den Freibauern auf der d-Linie hat, Schwarz aber etwas aktiver
steht.} Bd4 25. Rfc1 Rcb8 26. Kf1 Kf8 27. R4c2 Ke7 28. e5 {Sonst steht Weiß
bald wirklich passiv.} Bxe5 29. Rxc5 Rxc5 30. Rxc5 Rb1+ 31. Ke2 Rb2+ 32. Ke1
Bd4 (32... Rxf2 33. Kxf2 Bd4+ 34. Ke2 Bxc5 $11) 33. d6+ Ke6 (33... Kxd6 $4 34.
Rd5+ {kostet eine Figur.}) 34. Rd5 Bxf2+ 35. Kd1 Bb6 36. d7 Ke7 37. Kc1 Ra2 38.
Rb5 Bd8 39. Rb4 Kxd7 40. Rxf4 f5 {Weiß muss mit dem Minusbauern ums Remis
kämpfen, aber angesichts der ungleichen Läufer und der Tatsache, dass alle
Bauern sich am gleichen Flügel befinden, sind die Chancen sehr gut.} 41. Rd4+
Ke7 42. Kb1 Ra6 43. Rc4 Ra5 44. Rc6 Kf7 45. Kc2 Kg7 46. Kd3 Kh6 47. Rc8 Be7 48.
Ra8 Re5 {Ohne Türme ginge gar nichts mehr im Gewinnsinne.} 49. Ra2 Re1 50. Be2
Bc5 51. Ra5 Bf2 52. g4 $1 {Aktive Verteidigung. Der schwarze König drohte
aktiv zu werden. Weiß gibt einen Bauern, hält den schwarzen König aber fern.
} f4 53. g5+ {Das war die Idee.} Kg7 54. Kd2 {Ermöglicht Ta7.} Rh1 55. Rb5
Be1+ 56. Kd1 (56. Kd3 $2 Rxh3+ {gewinnt den Bauern mit Schach und der f-Bauer
rückt vor.} 57. Kd4 f3) 56... Bf2+ 57. Kd2 Rxh3 58. Bc4 Bh4 (58... f3 59. Be6
Rg3 (59... Rh2) 60. Rb7+ Kf8 (60... Kh8 $4 61. Rb8+ Kg7 62. Rg8#) 61. Rf7+ Ke8
62. Rxh7 Bc5 63. Bf7+ Kd7 64. Bd5+ Kd6 65. Bxf3 Rxf3 66. Rh6 Be3+ 67. Ke2 Rg3
68. Rxg6+ Ke5 {Schwarz gewinnt den g-Bauen. Danach ist Turm und Läufer gegen
Turm auf dem Brett - das Endspiel ist theoretisch remis.}) 59. Kc2 h5 (59...
Rg3 60. Rb7+ Kf8 61. Rxh7 Bxg5 62. Bd5 Re3 63. Bf7 f3 64. Bxg6 Re6 65. Rf7+ Kg8
66. Bh5 {sollte auch remis enden.}) 60. Rb7+ Kf8 61. Rf7+ Ke8 62. Rxf4 Bxg5 63.
Rf1 Rh2+ 64. Kb3 Ke7 65. Bd3 h4 66. Bxg6 Re2 67. Rf3 Re3+ 1/2-1/2

[Event "ESP-chT CECLUB Honor"]
[Site "Linares"]
[Date "2015.08.20"]
[Round "6.2"]
[White "Nisipeanu, Liviu Dieter"]
[Black "Adhiban, Baskaran"]
[Result "0-1"]
[WhiteElo "2667"]
[BlackElo "2643"]
[Annotator "Kuzmin,Alexey"]
[PlyCount "78"]
[EventDate "2015.08.15"]
[EventType "team-tourn"]
[EventRounds "7"]
[EventCountry "ESP"]
[SourceTitle "EXT 2016"]
[Source "ChessBase"]
[SourceDate "2015.10.08"]
[SourceVersion "1"]
[SourceVersionDate "2015.10.08"]
[SourceQuality "1"]
[WhiteTeam "Merida Patrimonio"]
[BlackTeam "Solvay"]
[WhiteTeamCountry "ESP"]
[BlackTeamCountry "ESP"]

1. Nf3 Nf6 2. c4 g6 3. Nc3 Bg7 4. e4 d6 5. d4 O-O 6. Be2 e5 7. O-O Nc6 8. d5
Ne7 9. a4 a5 10. Ne1 Nd7 11. Nd3 f5 12. f3 f4 13. b3 $1 ({After} 13. Bd2 {-} c5
$5 {looks more motivated.} ({An interesting try is} 13... g5 14. Nb5 Rf6 $5 {
with the idea c7-c6.})) (13. Nb5 Rf6 14. Nf2 Nc5 $132) 13... g5 (13... c5 {
is risky.} 14. dxc6 bxc6 15. Ba3 Qc7 (15... Qb6+ $6 16. c5 dxc5 17. Nb2 Rf6 18.
Bc4+ Kh8 19. Rf2 $16 {Atalik,S-Garcia Paolicchi,R, Manila 1992}) 16. Ra2 $14) (
13... h5 14. Ba3 b6 15. b4 axb4 16. Bxb4 g5 17. a5 $16 {Popov,V-Korobov,A,
Minsk 2000 Popov,V-Korobov,A, Minsk, 2000}) (13... Rf7 14. Ba3 Bf8 15. Nb5 $1 {
For White it is much more advantageous to play b4 after having previously
provoked b7-b6 to realise c4-c5 after.} (15. b4 $6 axb4 16. Bxb4 g5 17. c5 $6 (
17. Nb5) 17... dxc5 18. Nxc5 Nxc5 19. Bxc5 Nf5 $1 $132 {Berend,F-Vocaturo,D,
Tromso 2014}) 15... g5 (15... b6 16. b4) 16. c5 $36) 14. Ba3 {The threat is
c4-c5. White has evidently surpassed his opponent in development of an
initiative on "his" side.} b6 (14... h5 $6 15. c5 Nf6 16. Nb5 Ne8 17. Rc1 $16 {
Popov,V-Zhuravlev,V, Cherepovets 2002}) (14... Nf6 $6 15. c5 Ne8 16. b4 h5 17.
bxa5 Rxa5 18. Bb4 Ra6 19. cxd6 cxd6 20. a5 $16 {Atalik,S-Bologan,V, Manila 1992
}) 15. Nb5 $5 (15. b4 axb4 16. Bxb4 Nc5 (16... h5 17. a5 $16 {Popov,V-Korobov,
A, Minsk, 2000}) (16... c5 $5 17. dxc6 Nc5 $14) 17. a5 Bd7 18. Nb5 $16 {
Popov,V-Amonatov,F, Sochi 2007}) 15... Ng6 16. b4 axb4 17. Bxb4 $16 Nc5 18. Nf2
$14 ({A more energetic way was} 18. a5 $16 {with an obvious advantage.}) 18...
Nb7 19. a5 bxa5 20. Qe1 a4 21. Qd1 h5 22. h3 Bh6 23. Rxa4 Rxa4 24. Qxa4 g4 25.
hxg4 hxg4 26. Nxg4 Bxg4 27. fxg4 f3 28. Rxf3 Rxf3 29. Bxf3 Be3+ 30. Kf1 Qh4 31.
Ke2 Qf2+ 32. Kd1 Qf1+ 33. Kc2 Qc1+ 34. Kb3 Qb1+ 35. Kc3 Qc1+ 36. Kb3 Qb1+ 37.
Kc3 Bf2 38. c5 dxc5 39. Kc4 cxb4 0-1

[Event "Bundesliga 1516"]
[Site "Germany"]
[Date "2016.04.23"]
[Round "14.2"]
[White "Ragger, Markus"]
[Black "Saric, Ivan"]
[Result "1-0"]
[WhiteElo "2695"]
[BlackElo "2678"]
[Annotator "Besenthal,K"]
[PlyCount "153"]
[EventDate "2015.09.18"]
[EventType "team-tourn"]
[EventRounds "15"]
[EventCountry "GER"]
[SourceTitle "CBM 172"]
[Source "ChessBase"]
[SourceDate "2016.05.12"]
[SourceVersion "1"]
[SourceVersionDate "2016.05.12"]
[SourceQuality "1"]
[WhiteTeam "Solingen"]
[BlackTeam "Hockenheim"]
[WhiteTeamCountry "GER"]
[BlackTeamCountry "GER"]

1. d4 Nf6 2. c4 g6 3. Nc3 Bg7 4. e4 d6 5. Nf3 O-O 6. Be2 e5 7. O-O Nc6 8. dxe5
dxe5 9. Bg5 Qxd1 10. Rfxd1 Bg4 11. h3 Bxf3 12. Bxf3 Nd4 13. Nd5 Nxd5 14. cxd5
c6 (14... f5 15. Rac1 Rf7 {war hier, angesichts dessen, was noch folgen sollte,
vielleicht die bessere Alternative.}) 15. Rac1 cxd5 16. exd5 e4 17. Be3 exf3
18. Bxd4 Bxd4 19. Rxd4 Rac8 20. Rxc8 Rxc8 21. g4 Kf8 22. d6 Rd8 23. Kh2 f6 24.
Kg3 Kf7 25. Kxf3 Rd7 26. Kf4 Ke6 27. g5 f5 28. Ke3 Rxd6 29. Rxd6+ Kxd6 30. Kd4
{Diagramm [#] Unter Amateuren würde man so etwas vielleicht Remis geben, doch
Ragger wittert seine Chance. Er investierte in dieser Partiephase viel
Bedenkzeit.} b6 (30... a5 $1 {halten die Computer an dieser Stelle für
stärker. Das scheint auch plausibel zu sein, denn warum sollte sich Schwarz
freiwillig weiter einengen lassen?}) 31. b4 {Auch ohne zu rechnen ist klar,
dass Weiß am Ende noch einen Tempozug übrig haben wird, um den schwarzen
König aus der Opposition zu vertreiben.} Ke6 32. f3 Kd6 33. f4 Ke6 34. Kc4 Kd6
35. Kd4 Ke6 36. a3 Kd6 37. a4 {Diagramm [#] Die Computer halten dies jetzt
einhellig für gewonnen für Weiß. In der Tat kann der Anziehende das
Eindringen in die schwarze Stellung erzwingen. Ragger hat präzise gerechnet.}
a6 38. a5 bxa5 39. bxa5 Kc6 40. Ke5 {Diagramm [#] Am Ende bleibt ein Mehrbauer
im Damenendspiel mit hervorragenden Gewinnperspektiven. Ragger demonstriert in
der Folge seine starke Technik.} Kb5 41. Kf6 Kxa5 42. Kg7 Kb5 43. Kxh7 a5 44.
Kxg6 a4 45. Kh5 a3 46. g6 a2 47. g7 a1=Q 48. g8=Q Qd1+ 49. Kh6 Qd3 50. Qb8+ Ka4
51. h4 Qg3 52. Qe8+ Kb3 53. Qe6+ Ka4 54. Qxf5 Qxh4+ 55. Kg6 Ka3 56. Qd3+ Kb2
57. Qd2+ Kb1 58. f5 Qe4 59. Qd1+ Kb2 60. Qd6 Kb1 61. Qb6+ Kc1 62. Qe6 Qg2+ 63.
Kf7 Qb7+ 64. Qe7 Qd5+ 65. Kg6 Qd3 66. Qg5+ Kb1 67. Kh6 Qh3+ 68. Kg7 Qc3+ 69. f6
Qd4 70. Kh6 Qd6 71. Qg6+ Ka2 72. f7 Qf4+ 73. Kg7 Qd4+ 74. Kg8 Qc4 75. Qf5 Ka1
76. Qf6+ Ka2 77. Kh8 1-0